Nonlinear behaviour of thick low-rise reinforced concrete shear walls

Na minha lista:
Detalhes bibliográficos
Autor principal: Bekö, Adrián (Author)
Outros Autores: (Thesis advisor)
Formato: Manuscrito Livro
Idioma:eslovaco
inglês
Publicado em: 2024
Assuntos:
Acesso em linha:http://is.stuba.sk/zp/portal_zp.pl?podrobnosti_zp=97230
Tags: Adicionar Tag
Sem tags, seja o primeiro a adicionar uma tag!

MARC

LEADER 00000ntm a22000003a 4500
001 stuzp97230
003 SK-STU
005 20240413210319.8
007 ta
008 150427s2015----xo-----f-mn---000-0-slo-d
040 |a STU  |b slo 
041 0 |a eng 
100 1 |a Bekö, Adrián  |u 010250  |k Z1  |4 aut  |U SvF Stavebná fakulta  |T SvF Katedra stavebnej mechaniky  |X 38274  |U V250  |Y 26  |7 A000038274 
242 0 1 |a Nelineárne správanie hrubej nízkej železobetónovej šmykovej steny  |y slo 
245 1 0 |a Nonlinear behaviour of thick low-rise reinforced concrete shear walls 
260 |c 2024 
650 4 |a Šmyková stena  |2 slo 
650 4 |a hysterézny model  |2 slo 
650 4 |a seizmická odozva  |2 slo 
650 4 |a Shear wall  |2 eng 
650 4 |a earthquake response  |2 eng 
650 4 |a hysterectic model  |2 eng 
700 1 |a ,  |4 ths  |X null  |7 null 
856 4 |u http://is.stuba.sk/zp/portal_zp.pl?podrobnosti_zp=97230 
996 |b 284V038143  |c V* 3504/HP-260  |l VVS  |s P  |a 0  |w stuzp97230_0001